|
|
|
|
| LEADER |
01017nam a22003012a 4500 |
| 001 |
001333513 |
| 003 |
CZ BrMZK |
| 005 |
20131007135729.0 |
| 007 |
ta |
| 008 |
131007s1967 xr er|||||||||||cze d |
| 015 |
|
|
|a cnb000447567
|
| 035 |
|
|
|a (OCoLC)42132560
|
| 040 |
|
|
|a ABA001
|b cze
|c PNA001
|d ABA001
|d BOA001
|
| 041 |
0 |
|
|a cze
|b eng
|b ger
|b rus
|
| 080 |
|
|
|a 543(021)
|
| 100 |
1 |
|
|a Weiss, Dalibor
|7 jk01151534
|4 aut
|
| 245 |
1 |
0 |
|a Metody chemického rozboru rud a koncentrátů barevných kovů /
|c Dalibor Weiss, Eva Pavlíková
|
| 260 |
|
|
|a Praha :
|b Ústav pro výzkum rud,
|c 1967
|
| 300 |
|
|
|a 179 s. ;
|c 8°
|
| 490 |
1 |
|
|a Technika rudného hornictví a úpravnictví ;
|v roč. 1967, sv. 15
|
| 500 |
|
|
|a 480 výt.
|
| 546 |
|
|
|a Anglické, německé a ruské resumé
|
| 700 |
1 |
|
|a Pavlíková, Eva
|4 aut
|
| 830 |
|
0 |
|a Technika rudného hornictví a úpravnictví
|
| 910 |
|
|
|a BOA001
|b 2-0602.048
|
| 990 |
|
|
|a BK
|
| 991 |
|
|
|b 201310
|
| 996 |
7 |
|
|b 2619000912
|c 2-0602.048
|l HP2
|r DEN
|n 0
|w 001368420
|u 000010
|a 1
|e BOA001
|j MZK50
|s A
|